Accidental love / (Record no. 3648)
[ view plain ]
| 000 -LEADER | |
|---|---|
| fixed length control field | 00900nam a22002777a 4500 |
| 001 - CONTROL NUMBER | |
| control field | 3648 |
| 003 - CONTROL NUMBER IDENTIFIER | |
| control field | FISKH |
| 005 - DATE AND TIME OF LATEST TRANSACTION | |
| control field | 20250409144553.0 |
| 008 - FIXED-LENGTH DATA ELEMENTS--GENERAL INFORMATION | |
| fixed length control field | 240402b cb ||||| |||| 00| 0 eng d |
| 040 ## - CATALOGING SOURCE | |
| Original cataloging agency | FISK |
| Language of cataloging | eng |
| Transcribing agency | FISK |
| Modifying agency | FISK |
| 050 ## - LIBRARY OF CONGRESS CALL NUMBER | |
| Classification number | PZ7.S7242 |
| 082 ## - DEWEY DECIMAL CLASSIFICATION NUMBER | |
| Classification number | 281 |
| 100 ## - MAIN ENTRY--PERSONAL NAME | |
| Personal name | Soto Gary |
| Dates associated with a name | (1951-) |
| 245 ## - TITLE STATEMENT | |
| Title | Accidental love / |
| Statement of responsibility, etc. | Gary Soto |
| 250 ## - EDITION STATEMENT | |
| Edition statement | This edition first published in 2009 |
| 260 ## - PUBLICATION, DISTRIBUTION, ETC. | |
| Place of publication, distribution, etc. | New York : |
| Name of publisher, distributor, etc. | Scholastic, |
| Date of publication, distribution, etc. | 2009 |
| 300 ## - PHYSICAL DESCRIPTION | |
| Extent | 179 pages : |
| Dimensions | 20 cm |
| 505 ## - FORMATTED CONTENTS NOTE | |
| Formatted contents note | R<br/> |
| 520 ## - SUMMARY, ETC. | |
| Summary, etc. | After unexpectedly falling in love with a "nerdy" boy, fourteen-year-old Marisa works to change her life by transferring to another school, altering some of her behavior, and losing weight. |
| 521 8# - TARGET AUDIENCE NOTE | |
| Target audience note | 780 |
| Source | Lexile NP |
| 521 8# - TARGET AUDIENCE NOTE | |
| Target audience note | R<br/><br/> |
| Source | Raz-Plus'<br/> |
| 650 ## - SUBJECT ADDED ENTRY--TOPICAL TERM | |
| Source of heading or term | Love stories |
| Topical term or geographic name entry element | Star-crossed |
| 650 ## - SUBJECT ADDED ENTRY--TOPICAL TERM | |
| Source of heading or term | Latino |
| Topical term or geographic name entry element | Romance |
| 942 ## - ADDED ENTRY ELEMENTS (KOHA) | |
| Source of classification or shelving scheme | Dewey Decimal Classification |
| Koha item type | Books |
| Suppress in OPAC | No |
| Withdrawn status | Lost status | Source of classification or shelving scheme | Damaged status | Not for loan | Collection | Home library | Current library | Shelving location | Date acquired | Total Checkouts | Full call number | Barcode | Date last seen | Date last checked out | Copy number | Price effective from | Koha item type | Date due |
|---|---|---|---|---|---|---|---|---|---|---|---|---|---|---|---|---|---|---|
| Dewey Decimal Classification | Juvenile Fiction | Footprints International School Library Network Toul Tom Poung Campus | Footprints International School Library Network Toul Kork Campus | TTP Primary Orange Bookshelves | 04/02/2024 | 1 | SOT PZ7.S7242 281 | 2024-0448 | 01/09/2026 | 01/09/2026 | 1 | 04/02/2024 | Books | |||||
| Dewey Decimal Classification | Juvenile Fiction | Footprints International School Library Network Toul Tom Poung Campus | Footprints International School Library Network Toul Tom Poung Campus | TTP Primary Orange Bookshelves | 04/09/2025 | 1 | SOT PZ7.S7242 281 | 2025-1043 | 02/27/2026 | 02/27/2026 | 2 | 04/09/2025 | Books | 03/13/2026 |
